000 01609cad a22002295a 4500
001 L146476
008 090123s2009 xxkad f s 000 0 eng d
035 _a(Sirsi) u146476
041 0 _aeng
100 1 _aEllis, Graham
245 0 4 _aThe Homebuyer Report unveiled
_h[electronic resource]
260 _c2009
490 _aRICS Residential Property Journal
_vJanuary-February 2009, 6-8(3)
520 _aArticle looks at the launch of the new Homebuyer Survey and Valuation (HSV) report for a period of familiarisation with members in early 2009, before coming into full use in July. The report will be known as the RICS Homebuyer Report (HBR) and findings from a survey conducted to gauge member responses to the draft version of the report are presented for inspection. The author also provides additional background information on the report, details on the HSV product review group and answers to some likely frequently asked questions on the report format etc. An extended section on condition ratings is provided (one of the key areas of discussion with the draft report), as well as dates for forthcoming 2009 HBR Road show events.
520 _aArticle is member-only content and members must be registered with www.rics.org to access it.
590 _aKA
650 2 4 _aHOMEBUYERS REPORT
651 4 _aUnited Kingdom
_y
690 _aPROPERTY-RESIDENTIAL PROPERTY-RESIDENTIAL PROPERTY APPRAISAL AND VALUATION
856 4 0 _uhttps://www.rics.org/site/scripts/documents_info.aspx?documentID=148&pageNumber=5
_zView the article (member-content only) free of charge at www.rics.org...
942 _n0
999 _c81161
_d81161